000 00348 a2200157 4500
001 193070
020 _a978-85-64443-22-8
040 _cMagnum
100 _aBoy, Priscila Pereira
240 1 0 _aQual é a cor do amor?
_lpor
245 1 0 _aQual é a cor do amor?
300 _a28
362 0 _a2017
697 _aLITERATURA INFANTO
942 _cBK
999 _c193070
_d193070